Normal view
MARC view
- الفنادق- صناعة السياحة
Entry Topical Term
001 - CONTROL NUMBER
- control field: 28374
003 - CONTROL NUMBER IDENTIFIER
- control field: JO-AjAnu
005 - DATE AND TIME OF LATEST TRANSACTION
- control field: 20230606074817.0
008 - FIXED-LENGTH DATA ELEMENTS
- fixed length control field: 230606|| aca||aabn | a|a d
040 ## - CATALOGING SOURCE
- Original cataloging agency: JO-AjAnu
- Transcribing agency: JO-AjAnu
150 ## - HEADING--TOPICAL TERM
- Topical term or geographic name entry element: الفنادق- صناعة السياحة
670 ## - SOURCE DATA FOUND
- Source citation: Work cat.: (JO-AjAnu)14566: الدباس، خليل أحمد, author 28373, الإعلان والترويج الفندقي